10ο Πανελλήνιο Συνέδριο Μαθηματικής Παιδείας
Αποθηκεύτηκε σε:
| Συλλογικό Έργο: | , |
|---|---|
| Μορφή: | Πρακτικό Συνεδρίου Βιβλίο |
| Γλώσσα: | Greek |
| Δημοσίευση: |
Αθήνα :
Ελληνική Μαθηματική Εταιρεία,
1993
|
| Θέματα: | |
| Ετικέτες: |
Προσθήκη ετικέτας
Δεν υπάρχουν, Καταχωρήστε ετικέτα πρώτοι!
|
MARC
| LEADER | 00000cam a2200000 i 4500 | ||
|---|---|---|---|
| 001 | 1/8068 | ||
| 008 | 000626s1993 gre d | ||
| 035 | |l 10062539 | ||
| 040 | |a GR-MY-UA |b gre |e aacr | ||
| 041 | 0 | |a gre | |
| 082 | 0 | |a 510.71 | |
| 111 | 2 | |a Πανελλήνιο Συνέδριο Μαθηματικής Παιδείας |n (10o : |d 1993) | |
| 245 | 1 | 0 | |a 10ο Πανελλήνιο Συνέδριο Μαθηματικής Παιδείας / |c Ελληνική Μαθηματική Εταιρεία |
| 260 | |a Αθήνα : |b Ελληνική Μαθηματική Εταιρεία, |c 1993 | ||
| 300 | |a 536 σ.; |c 24 εκ. | ||
| 650 | 0 | 0 | |a Mathematics |x Study and teaching |x Congresses. |
| 650 | 0 | 0 | |a Mathematics |x Study and teaching |x Curriculum planning |x Congresses. |
| 710 | 2 | |a Ελληνική Μαθηματική Εταιρεία. | |
| 852 | |a INST |b RHODES |e 20000626 |h 510.71 ΠΑΝ |p 005400005637 |q 005400005637 |t BK |y 0 | ||
| 901 | |a BIBL4-2000-2 | ||
| 909 | |a Ρ |b 057186 | ||
| 922 | |a 4ΕΛΗ |b 199805 |c ΚΠΣ/Ν |d Emvasis | ||
| 970 | |z 2000/06/Δεμέναγας (ELIDOC) | ||